000 00821nam a2200265 a 4500
001 24931
003 CO-ViMGA
008 141112s2004 ck r 000 u spa d
020 _a9789580493945
040 _aCO-ViMGA
_bspa
_cCO-ViMGA
090 _aC KEI1
100 1 _aKeiko, Kasza
_913634
245 1 0 _aNo te rías, Pepe /
_cKeiko Kasza; traducido por Cristina Aparicio
260 _aBogotá :
_bNorma,
_c2006
300 _a32 p. : il. col. : il.
490 _aBuenas noches
650 1 4 _aAUTORES JAPONESES
_913635
650 1 4 _aCUENTOS JAPONESES
_96538
650 1 4 _aDESDE LOS 3 AÑOS
_913637
650 1 4 _aLITERATURA INFANTIL JAPONESA - SIGLO XX
_98131
650 1 4 _aRELACION MADRE - HIJOS - CUENTO
_913636
700 1 _aAparicio, María Cristina
_913639
700 1 _aKeiko, Kasza
_913638
942 _2ddc
_cBK
999 _c6684
_d6684